The weapon on the wall; (Record no. 184274)
[ view plain ]
| 000 -LEADER | |
|---|---|
| fixed length control field | 00908 a2200169 4500 |
| 003 - CONTROL NUMBER IDENTIFIER | |
| control field | Nust |
| 005 - DATE AND TIME OF LATEST TRANSACTION | |
| control field | 20230301161151.0 |
| 040 ## - CATALOGING SOURCE | |
| Transcribing agency | Nust |
| 082 ## - DEWEY DECIMAL CLASSIFICATION NUMBER | |
| Classification number | 327.73,DYE |
| 100 ## - MAIN ENTRY--PERSONAL NAME | |
| Personal name | Dyer, Murray |
| 9 (RLIN) | 109698 |
| 245 ## - TITLE STATEMENT | |
| Title | The weapon on the wall; |
| Remainder of title | rethinking psychological warfare / |
| Statement of responsibility, etc. | Murray Dyer |
| 260 ## - PUBLICATION, DISTRIBUTION, ETC. | |
| Place of publication, distribution, etc. | Baltimore |
| Name of publisher, distributor, etc. | Johns Hopkins Press |
| Date of publication, distribution, etc. | 1959 |
| 300 ## - PHYSICAL DESCRIPTION | |
| Extent | 269 p. |
| 505 ## - FORMATTED CONTENTS NOTE | |
| Formatted contents note | The Role Of The Weapon (Page-1), The Nature Of Political Communication: The Premises (Page-22), The Nature Of Political Communication: The Operating Principles (Page-68), Wartime Difficulties And Problems (Page-98), An Instrument Of The Cold War (Page-117), The Tools And Requirement Of The Instrument (Page-140), The Requirements If The US Is To Develop The Instrument Effectively (Page-164), The Problems To Be Overcome (Page-194), Forging The Instrument (Page-223). |
| 650 ## - SUBJECT ADDED ENTRY--TOPICAL TERM | |
| Topical term or geographic name entry element | Psychological warfare. |
| 9 (RLIN) | 37044 |
| 942 ## - ADDED ENTRY ELEMENTS (KOHA) | |
| Source of classification or shelving scheme | |
| Koha item type | Book |
| Withdrawn status | Lost status | Source of classification or shelving scheme | Damaged status | Not for loan | Permanent Location | Current Location | Shelving location | Date acquired | Full call number | Barcode | Date last seen | Price effective from | Koha item type | Public note |
|---|---|---|---|---|---|---|---|---|---|---|---|---|---|---|
| Military College of Signals (MCS) | Military College of Signals (MCS) | General Stacks | 12/12/2016 | 327.73,DYE | MCS29388 | 12/08/2016 | 12/12/2016 | Book | Almirah No.73, Shelf No.5 |
